[Event "COL-ch U1800"]
[Site "Villamaria"]
[Date "2019.11.01"]
[Round "1"]
[White "Vanegas Montoya, Daniel Andres"]
[Black "Beltran, Martha Cecilia"]
[Result "0-1"]
[WhiteElo "1600"]
[BlackElo "1633"]
[PlyCount "42"]
[EventDate "2019.11.01"]
[EventType "swiss"]
[EventRounds "7"]
[EventCountry "COL"]
[SourceTitle "CBM 193 Extra"]
[Source "ChessBase"]
[SourceDate "2020.01.31"]
[SourceVersion "1"]
[SourceVersionDate "2020.01.31"]
[SourceQuality "1"]

1. e4 e5 2. Nf3 Nf6 3. Nxe5 d6 4. Nf3 Nxe4 5. d4 d5 6. Be2 Bd6 7. Be3 Be6 8. Nbd2 Nf6 9. c4 Nbd7 10. 0-0 h6 11. Rc1 c6 12. Re1 0-0 13. Bd3 Ng4 14. b3 Nxe3 15. Rxe3 Bf4 16. Re1 Bg4 17. Rc2 Nf6 18. Nf1 Qa5 19. Be2 Rfe8 20. N3d2 Bf5 21. Rb2 Qc3 0-1